Economía Minera / (Registro nro. 12402)

Detalles MARC
000 -LEADER
fixed length control field 00992nam a2200265Ia 4500
003 - CONTROL NUMBER IDENTIFIER
control field OSt
005 - DATE AND TIME OF LATEST TRANSACTION
control field 20210908152833.0
008 - FIXED-LENGTH DATA ELEMENTS--GENERAL INFORMATION
fixed length control field 210310s1946 mx ad gr 000 0 spa d
040 ## - CATALOGING SOURCE
Original cataloging agency CO-JMCR
Transcribing agency CO-JMCR
041 1# - LANGUAGE CODE
Language code of text/sound track or separate title spa
Language code of original eng
082 04 - DEWEY DECIMAL CLASSIFICATION NUMBER
Classification number 336.1 /
Item number H789e
Edition number 23
100 1# - MAIN ENTRY--PERSONAL NAME
Personal name Hoover, Theodore Jesse,
Relator term autor
9 (RLIN) 28132
245 10 - TITLE STATEMENT
Title Economía Minera /
Statement of responsibility, etc. Theodore Jesse Hoover ; versión española de Anselmo Ortiz
250 ## - EDITION STATEMENT
Edition statement Primera edición
260 ## - PUBLICATION, DISTRIBUTION, ETC.
Place of publication, distribution, etc. México :
Name of publisher, distributor, etc. Fondo de Cultura Económica,
Date of publication, distribution, etc. 1946.
300 ## - PHYSICAL DESCRIPTION
Extent 580 páginas :
Other physical details ilustraciones y planos en blanco y negro ;
Dimensions 23 cm.
490 ## - SERIES STATEMENT
Series statement Obras de economía
500 ## - GENERAL NOTE
General note Bibliografía al final de cada capitulo.
505 0# - FORMATTED CONTENTS NOTE
Formatted contents note Valuación de minas. -- Organización de minas. -- Dirección de minas.
650 14 - SUBJECT ADDED ENTRY--TOPICAL TERM
Topical term or geographic name entry element Teoría de la valuación
General subdivision Minera
9 (RLIN) 40174
650 24 - SUBJECT ADDED ENTRY--TOPICAL TERM
Topical term or geographic name entry element Fases iniciales
General subdivision Minería
9 (RLIN) 40175
650 24 - SUBJECT ADDED ENTRY--TOPICAL TERM
Topical term or geographic name entry element Reservas mineras
9 (RLIN) 40176
700 1# - ADDED ENTRY--PERSONAL NAME
Personal name Ortiz,m Anselmo,
Relator term traductor
9 (RLIN) 40177
942 ## - ADDED ENTRY ELEMENTS (KOHA)
Source of classification or shelving scheme Dewey Decimal Classification
Koha item type Books
Existencias
Withdrawn status Lost status Source of classification or shelving scheme Damaged status Not for loan Home library Current library Shelving location Date acquired Source of acquisition Full call number Barcode Date last seen Copy number Price effective from Koha item type
    Dewey Decimal Classification     Biblioteca Pública José María del Castillo y Rada Biblioteca Pública José María del Castillo y Rada General Stacks 04/15/2018 Donación 336.1 / H789e 430005216 05/16/2024 Ej.1 03/10/2021 Books